Možnosti využitia kaizen metódy v oblasti znižovania nákladov diplomová práca

Gespeichert in:
Bibliographische Detailangaben
1. Verfasser: Víglaský, Martin
Körperschaft: Fakulta podnikového manažmentu EU. Katedra podnikovohospodárska
Weitere Verfasser: Serina, Pavol
Format: Buch
Sprache:Slowakisch
Veröffentlicht: Bratislava 2011
Tags: Tag hinzufügen
Keine Tags, Fügen Sie das erste Tag hinzu!

MARC

LEADER 00000nbm a2200000 4500
001 0131596
005 20170315102658.0
041 0 |a slo 
044 |a SK 
245 1 0 |a Možnosti využitia kaizen metódy v oblasti znižovania nákladov  |b diplomová práca  |c Martin Víglaský ; školiteľ: Pavol Serina 
264 1 |a Bratislava  |c 2011 
300 |a 93 s. 
100 1 |a Víglaský, Martin 
700 1 |a Serina, Pavol 
710 2 |a Fakulta podnikového manažmentu EU. Katedra podnikovohospodárska